<?xml version="1.0" encoding="UTF-8"?>
<resp>
  <nextPage>https://data.bn.org.pl/api/networks/bibs.marcxml?marc=001+b1000002443232&amp;sinceId=1000002443233</nextPage>
  <collection>
    <record xmlns='http://www.loc.gov/MARC21/slim'><leader>02117nam a2200625 i 4500</leader><controlfield tag='001'>b1000002443232</controlfield><controlfield tag='005'>20260425083649.2</controlfield><controlfield tag='008'>220524s2022    xxua     d   |000 0ceng c</controlfield><controlfield tag='009'>9912694577705606</controlfield><datafield ind1=' ' ind2=' ' tag='020'><subfield code='a'>9781538133422</subfield><subfield code='q'>(oprawa twarda)</subfield></datafield><datafield ind1=' ' ind2=' ' tag='035'><subfield code='a'>(PL)b1000002443232</subfield></datafield><datafield ind1=' ' ind2=' ' tag='040'><subfield code='c'>TOR U</subfield><subfield code='a'>TOR U</subfield><subfield code='d'>TOR U</subfield><subfield code='d'>WA N</subfield></datafield><datafield ind1=' ' ind2=' ' tag='044'><subfield code='a'>xxu</subfield><subfield code='a'>xxk</subfield></datafield><datafield ind1=' ' ind2=' ' tag='045'><subfield code='b'>d</subfield><subfield code='b'>d</subfield></datafield><datafield ind1=' ' ind2=' ' tag='046'><subfield code='k'>2022</subfield></datafield><datafield ind1='1' ind2=' ' tag='100'><subfield code='a'>Atkin, Will</subfield><subfield code='d'>(1991- )</subfield><subfield code='e'>Autor</subfield></datafield><datafield ind1='0' ind2='0' tag='245'><subfield code='a'>Historical dictionary of surrealism /</subfield><subfield code='c'>Will Atkin.</subfield></datafield><datafield ind1=' ' ind2=' ' tag='250'><subfield code='a'>Second edition.</subfield></datafield><datafield ind1=' ' ind2=' ' tag='260'><subfield code='a'>Lanham ;</subfield><subfield code='a'>Boulder ;</subfield><subfield code='a'>New York ;</subfield><subfield code='a'>London :</subfield><subfield code='b'>Rowman &amp; Littlefield,</subfield><subfield code='c'>2022.</subfield></datafield><datafield ind1=' ' ind2=' ' tag='300'><subfield code='a'>XXIV, 421, [5] stron :</subfield><subfield code='b'>ilustracje ;</subfield><subfield code='c'>24 cm.</subfield></datafield><datafield ind1=' ' ind2=' ' tag='336'><subfield code='a'>Tekst</subfield><subfield code='b'>txt</subfield><subfield code='2'>rdacontent</subfield></datafield><datafield ind1=' ' ind2=' ' tag='336'><subfield code='a'>Obraz</subfield><subfield code='b'>sti</subfield><subfield code='2'>rdacontent</subfield></datafield><datafield ind1=' ' ind2=' ' tag='337'><subfield code='a'>Bez urządzenia pośredniczącego</subfield><subfield code='b'>n</subfield><subfield code='2'>rdamedia</subfield></datafield><datafield ind1=' ' ind2=' ' tag='338'><subfield code='a'>Wolumin</subfield><subfield code='b'>nc</subfield><subfield code='2'>rdacarrier</subfield></datafield><datafield ind1=' ' ind2=' ' tag='380'><subfield code='a'>Książki</subfield></datafield><datafield ind1=' ' ind2=' ' tag='380'><subfield code='a'>Publikacje informacyjne</subfield></datafield><datafield ind1=' ' ind2=' ' tag='380'><subfield code='a'>Publikacje popularnonaukowe</subfield></datafield><datafield ind1='1' ind2=' ' tag='388'><subfield code='a'>2001-</subfield></datafield><datafield ind1='1' ind2=' ' tag='490'><subfield code='a'>Historical dictionaries of literature and arts.</subfield></datafield><datafield ind1=' ' ind2=' ' tag='504'><subfield code='a'>Bibliografia na stronach 353-419.</subfield></datafield><datafield ind1=' ' ind2='7' tag='650'><subfield code='a'>Surrealizm</subfield><subfield code='2'>DBN</subfield></datafield><datafield ind1=' ' ind2='7' tag='655'><subfield code='a'>Słownik biograficzny</subfield><subfield code='2'>DBN</subfield></datafield><datafield ind1=' ' ind2='7' tag='655'><subfield code='a'>Słownik tematyczny</subfield><subfield code='2'>DBN</subfield></datafield><datafield ind1=' ' ind2=' ' tag='658'><subfield code='a'>Historia</subfield></datafield><datafield ind1=' ' ind2=' ' tag='658'><subfield code='a'>Kultura i sztuka</subfield></datafield><datafield ind1='2' ind2=' ' tag='710'><subfield code='a'>Rowman and Littlefield</subfield><subfield code='e'>Wydawca</subfield><subfield code='4'>pbl</subfield></datafield><datafield ind1=' ' ind2='0' tag='830'><subfield code='a'>Historical Dictionaries of Literature and the Arts</subfield><subfield code='v'>36</subfield></datafield><datafield ind1=' ' ind2=' ' tag='852'><subfield code='b'>48OMNIS_UMKWT</subfield><subfield code='8'>991017010444606926</subfield></datafield><datafield ind1=' ' ind2=' ' tag='852'><subfield code='b'>48OMNIS_NETWORK</subfield><subfield code='8'>9912694577705606</subfield></datafield><datafield ind1=' ' ind2=' ' tag='852'><subfield code='8'>22417224870006926</subfield><subfield code='j'>0</subfield><subfield code='h'>Epeeb.Fab/Atkin, Will/Hist/2022</subfield><subfield code='b'>TORU</subfield><subfield code='p'>300052323853</subfield><subfield code='c'>Sztuka_bg</subfield></datafield><datafield ind1=' ' ind2=' ' tag='920'><subfield code='a'>978-1-5381-3342-2 (oprawa twarda)</subfield></datafield></record>
  </collection>
</resp>
